000 00537nam a2200169Ia 4500
003 GCL
008 140319s9999 xx 000 0 ara d
040 _aGCL /
_cGCL
082 0 4 _aم
_b180.03
_bع م
100 1 _aعبدالمنعم الحفنى
245 1 0 _aالمعجم الفلسفى عربى - انجليزى - فرنسى - المانى - لاتينى /
_cعبدالمنعم الحفنى
300 _a412 ص
650 0 4 _aالفلسفة
650 0 4 _aالمعاجم
650 0 4 _aالفلسفة - معاجم
942 _2ddc
_cREF
999 _c59691
_d59691